date civilisation Etrusque - Statistiques

Statistiques générales
  • Ce quiz a été pris 6 fois
  • Le résultat moyen est 8 sur 14
Statistiques - réponses
Hint Réponse % Correct
la famille régnante étrusque des Tarquinia se soumet a Rome -308
100%
Pérouse qui abrite des partisans de Marc Antoine est détruite par Octave -42
100%
expulsion de Tarquins le superbe, dernier roi d'origine Etrusques, de Rome -509
100%
arrivée légendaire des Lydiens en Étrurie, sous la conduite de Tyrrhenus -1300
50%
répression du culte de Fufluns ( divinité Etrusque ) -186
50%
l'Étrurie fournit un soutien logistique à l'armée romaine au cours de la deuxième guerre punique -205
50%
prise d'Arretium, capitale étrusque -311
50%
la cité de Véies est prise par les Romains -396
50%
l'Étrurie devient la VIIe région romaine -40
50%
Annihilation de la flotte Etrusque lors de la bataille de Cumes -474
50%
Victoire Etrusque à la bataille d'Alalia -535
50%
Sylla confisque une partie du territoire de Clusium, Arretium, Fiesole et Volterra pour y installer des colonies de légionnaires vétérans. -82
50%
prise et destruction de Faléries -241
0%
début de l'attaque les Étrusques par Rome, siège de Sutri -357
0%
Aucun quiz correspondant
Distribution des résultats
% des personnes avec chaque résultat
Percentile par nombre de réponses
Votre historique - résultats
Vous n’avez pas pris ce quiz